Lokalizačná analýza obchodných zón v SR (aplikácia na konkrétnom regióne NUTS 2) diplomová práca

Salvato in:
Dettagli Bibliografici
Autore principale: Hejlová, Miriam
Ente Autore: Národohospodárska fakulta EU. Katedra verejnej správy a regionálneho rozvoja
Altri autori: Ivaničková, Alžbeta
Natura: Libro
Lingua:slovacco
Pubblicazione: Bratislava 2011
Tags: Aggiungi Tag
Nessun Tag, puoi essere il primo ad aggiungerne!!

MARC

LEADER 00000nam a2200000 4500
001 0148349
005 20240318124738.6
041 0 |a slo 
044 |a SK 
245 1 0 |a Lokalizačná analýza obchodných zón v SR (aplikácia na konkrétnom regióne NUTS 2)  |b diplomová práca  |c Miriam Hejlová ; školiteľ: Alžbeta Ivaničková 
264 1 |a Bratislava  |c 2011 
300 |a 95 s. 
100 1 |a Hejlová, Miriam 
700 1 |a Ivaničková, Alžbeta 
710 2 |a Národohospodárska fakulta EU. Katedra verejnej správy a regionálneho rozvoja